LIBRARY & INFORMATION CENTRE, KCAET, TAVANUR

ONLINE PUBLIC ACCESS CATALOGUE (OPAC)

Food Microbiology (Record no. 15549)

MARC details
000 -LEADER
fixed length control field 00357nam a22001457a 4500
003 - CONTROL NUMBER IDENTIFIER
control field OSt
008 - FIXED-LENGTH DATA ELEMENTS--GENERAL INFORMATION
fixed length control field 190515b ||||| |||| 00| 0 eng d
020 ## - INTERNATIONAL STANDARD BOOK NUMBER
ISBN 9789386546661
082 ## - DEWEY DECIMAL CLASSIFICATION NUMBER
Classification number 664.01
Item number RAM/FO
100 ## - MAIN ENTRY--AUTHOR NAME
Personal name Ramanathan, N
245 ## - TITLE STATEMENT
Title Food Microbiology
260 ## - PUBLICATION, DISTRIBUTION, ETC. (IMPRINT)
Place of publication New Delhi
Name of publisher New India Publishing House
Year of publication 2018
300 ## - PHYSICAL DESCRIPTION
Number of Pages 263 p.
942 ## - ADDED ENTRY ELEMENTS (KOHA)
Koha item type Books
Holdings
Withdrawn status Lost status Damaged status Collection code Home library Current library Shelving location Date acquired Cost, normal purchase price Full call number Accession Number Koha item type
      Non-fiction KAUAET KAUAET General Stacks 15/05/2019 1995.00 664.01 RAM/FO 25754 Books
free website counter